00866nam a2200193Ia 4500008004100000100002300041245010700064245016200171260003900333260000900372300002700381440005600408650002300464650002900487650003800516650002700554999001900581952007200600170510s9999 xx 000 0 und d aWurst, Stefanie N. aNarcissism and romantic relationships: The differential impact of narcissistic admiration and rivalry. cWurst, Stefanie N.; Gerlach, Tanja M.; Dufner, Michael; Rauthmann, John F.; Grosz, Michael P.; Küfner, Albrecht C. P.; Denissen, Jaap J. A.; Back, Mitja D. bAmerican Psychological Association c2017 apages 280-306,February aJournal of Personality and Social Psychologyv112:2 aGrandiose Narcissm aInterpersonal attraction aPersonality-relationship dynamics aRomantic relationships c329877d329877 001040aCLbCLd2017-05-10l0r2017-05-10 00:00:00w2017-05-10ySE